Plus anciennes universités de France - Statistiques

Statistiques générales
  • Ce quiz a été pris 99 fois
  • Le résultat moyen est 9 sur 15
Statistiques - réponses
Pays d'alors Date de fondation Université % Correct
France 1200 Paris
95%
France 1460 Bretagne
85%
France 1441 Bordeaux
79%
France 1229 Toulouse
77%
Saint-Empire 1621 Strasbourg
72%
France 1289 Montpellier
66%
France 1306 Orléans
56%
France 1548 Reims
55%
Saint-Empire 1409 Aix
52%
Aragon 1349 Perpignan
47%
France 1431 Poitiers
44%
France 1337 Angers
39%
France 1432 Caen
36%
Saint-Empire 1423 Dole
36%
France 1303 Avignon
24%
Aucun quiz correspondant
Distribution des résultats
% des personnes avec chaque résultat
Percentile par nombre de réponses
Votre historique - résultats
Vous n’avez pas pris ce quiz